| 000 | 00919nam a2200265Ia 4500 | ||
|---|---|---|---|
| 999 |
_c53893 _d53893 |
||
| 001 | 20944 | ||
| 003 | GE_BSU | ||
| 005 | 20210629182114.0 | ||
| 008 | 181216s2016||||enk|||||||||||||| ||eng|| | ||
| 020 | _a9789385915468 | ||
| 040 | _cGE_BSU | ||
| 041 | _aeng | ||
| 080 | _a611(084.4) BD-13 | ||
| 245 |
_aBD Chaurasia's Human Anatomy Regional and Applied Dissection and Clinicaln : _bVolume 1 Upper Limb Thorax / _cChief Editor Krishna Garg. |
||
| 250 | _aSeventh edition | ||
| 264 |
_aNew Delhi : _bCBS Publishers &Distributors Pvt Ltd, _c2016. |
||
| 300 |
_a328 p. : _bill. ; _c28 cm. _e+1CD-Rom Volume 1 |
||
| 541 | _h89gel. 25t. | ||
| 653 | _aBD Chaurasia's Human Anatomy: | ||
| 653 | _aRegional and Applied Dissection and Clinicaln | ||
| 653 | _aადამიანის ანატომია | ||
| 653 | _aმედიცინა | ||
| 700 |
_aGarg, Krishna _eChief Editor _99472 |
||
| 942 |
_cBK _2udc |
||